Челюскинцы: фотосерия

Bibliographische Detailangaben
Weitere Verfasser: Збиневич Я. О. (редактор)
Zusammenfassung:В бум. конверте
Sprache:Russisch
Veröffentlicht: Москва, Фотоиздат, 1934
Schlagworte:
Format: Buch
KOHA link:https://koha.lib.tpu.ru/cgi-bin/koha/opac-detail.pl?biblionumber=316996

MARC

LEADER 00000nam0a2200000 4500
001 316996
005 20240604142630.0
035 |a (RuTPU)RU\TPU\book\342464 
090 |a 316996 
100 |a 20160402d1934 m y0rusy50 ca 
101 0 |a rus 
102 |a RU 
105 |a a z 000zd 
200 1 |a Челюскинцы  |e фотосерия  |f отв. ред. Я. О. Збиневич 
210 |a Москва  |c Фотоиздат  |d 1934 
215 |a 30 л.  |c ил. 
300 |a В бум. конверте 
600 1 |a Шмидт  |g Отто Юльевич  |b О. Ю.  |c российский ученый  |c государственный деятель  |f 1891-1956  |2 stltpush  |3 (RuTPU)RU\TPU\pers\1612 
600 1 |a Молоков  |b В. С.  |c летчик  |c Герой Советского Союза  |f 1895-1982  |g Василий Сергеевич  |2 stltpush  |3 (RuTPU)RU\TPU\pers\29429  |9 13982 
600 1 |a Водопьянов  |b М. В.  |c летчик, генерал-майор авиации  |c Герой Советского Союза (1934)  |f 1899-1980  |g Михаил Васильевич  |2 stltpush  |3 (RuTPU)RU\TPU\pers\31927  |9 15997 
600 1 |a Ляпидевский  |b А. В.  |c советский летчик, генерал-майор авиации, первый Герой Советского Союза  |c участник спасения челюскинцев  |f 1908-1983  |g Анатолий Васильевич  |2 stltpush  |3 (RuTPU)RU\TPU\pers\36484 
600 1 |a Каманин  |b Н. П.  |c советский летчик и военачальник, генерал-полковник авиации, один из первых Героев Советского Союза  |c участник Парада на Красной площади 1945 года, организатор и руководитель подготовки первых советских космонавтов  |f 1908-1982  |g Николай Петрович  |2 stltpush  |3 (RuTPU)RU\TPU\pers\36485 
600 1 |a Слепнёв  |b М. Т.  |c советский летчик, участник Великой Отечественной войны  |c пятый Герой Советского Союза (1934)  |f 1896-1965  |g Маврикий Трофимович  |2 stltpush  |3 (RuTPU)RU\TPU\pers\36486 
600 1 |a Доронин  |b И. В.  |c советский летчик полярной авиации, полковник, участник Великой Отечественной войны  |c седьмой Герой Советского Союза (1934)  |f 1903-1951  |g Иван Васильевич  |2 stltpush  |3 (RuTPU)RU\TPU\pers\36487 
606 1 |a Арктические экспедиции  |x География  |2 stltpush  |3 (RuTPU)RU\TPU\subj\29361  |9 52711 
610 1 |a Северный морской путь 
610 1 |a ледоколы 
610 1 |a научные исследования 
610 1 |a история 
610 1 |a пароходы 
610 1 |a СССР 
610 1 |a летчики 
610 1 |a Герои Советского Союза 
610 1 |a подвиги 
610 1 |a героизм 
610 1 |a экспедиции 
675 |a 91(98)  |v 4 
702 1 |a Збиневич  |b Я. О.  |4 340 
801 1 |a RU  |b 63413507  |c 20160402 
801 2 |a RU  |b 63413507  |c 20171027  |g RCR 
942 |c BK